[Event "Boeing Swiss"]
[Site "?"]
[Date "1973.03.05"]
[Round "1"]
[White "Haskell, R."]
[Black "Bailey, B."]
[Result "0-1"]
[WhiteElo "100"]
[BlackElo "1994"]
[Annotator "Stockfish 14 (15s)"]
[PlyCount "56"]
[EventDate "1973.??.??"]

{C55: Two Knights: 4 d3, 4 d4 exd4 5 e5 and Max Lange Attack} 1. e4 e5 2. Nf3
Nc6 3. Bc4 Nf6 4. Nc3 Nxe4 5. Bxf7+ Kxf7 6. Nxe4 d5 7. Nfg5+ Kg8 8. Qf3 Qe7 (
8... Qd7 9. Ng3 h6 10. Nh3 Nb4 11. Qc3 Qf7 12. d3 Nc6 13. a3 Bxh3 14. gxh3 Nd4
15. f4 Nf3+ 16. Kd1 exf4 17. Ne2 Bd6 18. d4 Ng5 19. Rf1 f3 20. Ng3 Rf8 21. Be3
Bxg3 22. hxg3 Ne4 23. Qd3 {Eriksson,I (2098)-Berzina,I (2240) Mallorca 2004 0-1
}) 9. d4 $146 (9. Qb3 Qd7 10. Ng3 Be7 11. Nh3 Nd4 12. Qd3 c5 13. b3 e4 14. Nxe4
dxe4 15. Qxe4 Qe6 16. Qxe6+ Bxe6 17. Kd1 Bg4+ 18. f3 Nxf3 19. Nf2 Nxh2+ 20. Ke1
Bf6 21. Rxh2 Re8+ 22. Kf1 Be2+ 23. Kg1 Bxa1 {Gasymov,G-Abdulov,O Baku 2002 0-1}
) (9. Nd6 e4 10. Qf4 cxd6 11. O-O h6 12. Nh3 Bxh3 13. gxh3 Qg5+ 14. Qg3 Qxg3+
15. fxg3 Be7 16. c3 Rf8 17. d4 Rxf1+ 18. Kxf1 Kf7 19. Be3 Rf8 20. Kg2 Ke6 21.
h4 h5 22. Rd1 Na5 23. b3 Nc6 {
Camin,H (1314)-Klug,C (1764) Kaiserslautern 2006 0-1}) (9. Nc3 e4 10. Qg3 h6
11. Nxd5 Qxg5 12. Qxg5 hxg5 13. Nxc7 Rb8 14. Nd5 Be6 15. Ne3 Bd6 16. g3 Nd4 17.
c3 Nf3+ 18. Kd1 Rd8 19. Ke2 Nxh2 20. b4 Nf3 21. Rxh8+ Kxh8 22. d4 Kh7 23. Bd2
Kg6 {Elliott,E-Whitaker,N USA 1915 0-1 (35)}) (9. Nf6+ gxf6 10. Qxd5+ Kg7 11.
Nf3 Be6 12. Qb5 Qb4 13. Qe2 Kf7 14. c3 Qg4 15. d3 Bc5 16. b4 Bb6 17. b5 Ne7 18.
Be3 Rhg8 19. Rg1 Bd5 20. Kf1 Bxf3 21. Qxf3 Qxf3 22. gxf3 Rxg1+ 23. Kxg1 Rg8+ {
Raemmler,M-Kepp,E (2000) Filseck 2001 0-1}) (9. Qb3 Qd7 10. Ng3 $19) 9... Nxd4
10. Qc3 (10. Qd1 h6 11. c3 dxe4 12. Nxe4 Nf5 $19) 10... dxe4 (10... Bf5 $142 $5
11. Ng3 Nxc2+ 12. Kf1 $19) 11. Qc4+ Be6 12. Nxe6 Nxe6 (12... Qxe6 $142 13.
Qxe6+ Nxe6 14. Bd2 $19) 13. Bg5 (13. O-O h5 $19) 13... Qb4+ 14. Qxb4 Bxb4+ 15.
c3 Bxc3+ $1 16. bxc3 Nxg5 17. O-O Kf7 18. h4 (18. Rae1 Rhe8 $19) 18... Ne6 19.
Rae1 Nc5 20. f4 exf4 21. Rxf4+ Ke7 22. Kh2 (22. Rg4 Rhg8 $19) 22... Rhf8 23.
Rg4 Rf7 24. g3 (24. Rg3 Kd6 $19) 24... Raf8 25. Kh3 g6 26. Rg5 b6 27. Rxc5 bxc5
28. Rxe4+ Kd6 (28... Kd6 29. Kg4 Rf5 $19) 0-1

[Event "Boeing Swiss"]
[Site "?"]
[Date "1973.03.20"]
[Round "2"]
[White "Bailey, B."]
[Black "Furlong, P."]
[Result "1-0"]
[WhiteElo "1994"]
[BlackElo "100"]
[Annotator "Stockfish 14 (15s)"]
[PlyCount "87"]
[EventDate "1973.??.??"]

{B96: Sicilian Najdorf: 6 Bg5 e6 7 f4, lines other than 7...Qb6 and 7...Be7} 1.
e4 c5 2. Nf3 d6 3. d4 cxd4 4. Nxd4 Nf6 5. Nc3 a6 6. Bg5 e6 7. f4 Nc6 8. Nxc6
bxc6 9. e5 Qb6 $4 $146 (9... dxe5 10. Qxd8+ Kxd8 11. fxe5 h6 12. Bh4 (12.
O-O-O+ Kc7 13. Bh4 Nd7 14. Bg3 Nc5 15. Be2 Be7 16. Rhf1 Rf8 17. Rd4 a5 18. h4
Bd7 19. Rdf4 Be8 20. Bh5 g6 21. Be2 Rg8 22. Rc4 Rb8 23. a3 Nd7 24. Ra4 Ra8 25.
b4 Nb6 26. Rxa5 Rxa5 {Klein,M-Tacchio,R Firenze 1972 1-0 (51)}) 12... g5 13.
Bg3 (13. Bxg5 hxg5 14. exf6 Rb8 15. O-O-O+ Kc7 16. Be2 Rh4 17. a3 Bb7 18. g3
Rh8 19. Bd3 c5 20. Be4 Bh6 21. g4 Bf8 22. Bxb7 Rxb7 23. Ne4 Rg8 24. Rd3 Kc6 25.
c4 Bh6 26. Rd6+ Kc7 27. Rhd1 Rbb8 {
El Amri,A-Lattyak,J Buenos Aires 1978 1-0 (32)}) 13... Nh5 14. O-O-O+ Kc7 15.
Bf2 Bg7 16. Re1 Nf4 17. Bc5 Bf8 18. Bxf8 Rxf8 19. g3 Nd5 20. Ne4 f5 21. exf6
Nxf6 22. Bc4 Nxe4 23. Rxe4 Rf6 24. Rhe1 {
Parma,B-Bertok,M Titograd 1965 1-0 (54)}) (9... h6 10. exf6 (10. Bxf6 gxf6 11.
exd6 Bxd6 12. Ne4 Qa5+ 13. c3 Bxf4 14. Nxf6+ Ke7 15. Nh5 Rd8 16. Bd3 Qe5+ 17.
Qe2 Rxd3 {0-1 (17) Parroco,P (1630)-Stoven,G (1970) France 2000}) 10... hxg5
11. fxg5 gxf6 12. Qf3 d5 13. O-O-O fxg5 14. Bc4 g4 15. Qf2 Bg7 16. Bb3 Rb8 17.
h3 Rb4 18. a3 Qb6 19. Qg3 Qb8 20. Qe1 Rf4 21. Kb1 gxh3 22. Qg3 Qe5 23. gxh3 Re4
24. Qf2 {Hector,J (2485)-Oll,L (2510) Debrecen 1989 0-1 (40)}) (9... h6 $142
10. Bh4 g5 11. fxg5 Nd7 12. exd6 hxg5 $16) 10. exf6 Qxb2 (10... h6 11. Bh4 Qxb2
12. Kd2 $18) 11. Ne4 Rb8 (11... Qb4+ 12. Nd2 d5 13. Rb1 $18) 12. Be2 (12. Nxd6+
$142 Bxd6 13. Qxd6 Qxa1+ 14. Kf2 gxf6 $18) 12... d5 13. Nd2 Bc5 (13... Qd4 14.
Rb1 Rxb1 15. Nxb1 $18 (15. Qxb1 $6 gxf6 16. Qb8 Kd7 $18)) 14. fxg7 (14. Rf1
gxf6 15. Rb1 Qxb1 16. Nxb1 fxg5 $18) 14... Rg8 (14... Qxg7 15. Rb1 Rxb1 16.
Qxb1 $18 (16. Nxb1 $6 h6 17. Bh4 Qxg2 $18)) 15. Qb1 (15. c3 $5 Be3 16. Rc1 Rxg7
$18) 15... Bd4 (15... Qxg7 16. Qxb8 Qxa1+ 17. Bd1 Kd7 $18) 16. Qxb2 Rxb2 17.
Rb1 (17. Nf3 $142 Bxg7 18. Kd2 f6 $18) 17... Rxc2 18. a4 (18. Nf3 Bxg7 19. Kf2
Kd7 $18) 18... Rxg7 $4 (18... Bc3 $142 19. f5 Rxg7 $14) 19. Kd1 (19. Nf3 $142
Rb2 20. Rxb2 Bxb2 21. Kf2 $18) 19... Ra2 20. Nb3 Ba7 (20... Bc3 21. Rc1 d4 22.
Bf3 $18) 21. Ra1 (21. g3 $142 $5 Rg8 22. Bh5 e5 $18) 21... Rxa1+ 22. Nxa1 Kd7
$4 (22... h6 $142 23. Bxh6 Rxg2 $18) 23. Bf3 (23. g3 $142 $5 Rg8 24. Bh5 Bd4
$18) 23... c5 24. Bf6 (24. Kd2 Bb7 25. Rb1 Bc6 $18) 24... Rg6 25. Bb2 $4 (25.
Be5 $142 $18) 25... f6 $4 (25... Bb7 $142 26. g4 Bc6 $16) 26. f5 $1 $18 Rg5 (
26... exf5 27. Bxd5 {Deflection}) 27. fxe6+ Kxe6 (27... Ke7 28. Kd2 Bxe6 29.
Rb1 $18) 28. Re1+ Kf7 29. Nb3 (29. Bc1 Rf5 30. Bg4 h5 31. Bxf5 Bxf5 $18) 29...
d4 (29... Bg4 30. Ba3 Bxf3+ 31. gxf3 $18) 30. Ba3 (30. Na5 Re5 31. Rxe5 fxe5
$18) 30... Be6 (30... Bg4 31. Kc2 $18) 31. Na5 Bb6 (31... Bb8 32. h4 Re5 33.
Rxe5 fxe5 34. Bxc5 $18) 32. Nc6 Bb3+ 33. Kd2 Bxa4 34. Re7+ Kf8 35. Rxh7 Rg7 (
35... Bxc6 36. Bxc6 Re5 37. Kc2 $18) 36. Rh5 (36. Rh6 Rd7 37. Rh5 d3 $18) 36...
Rc7 (36... Bxc6 37. Bxc6 Rg5 38. Rh8+ Kf7 39. Rb8 Ba5+ 40. Kd3 $18) 37. Bxc5+
Bxc5 38. Rxc5 Ke8 39. Rc1 (39. h4 a5 $18) 39... Bb5 (39... Rh7 40. h3 $18) 40.
Nxd4 Rxc1 (40... Rd7 41. Rc8+ Kf7 $18) 41. Kxc1 Bd3 42. Kd2 Bb1 43. Kc3 Kd7 44.
Kb4 1-0

[Event "Boeing Swiss"]
[Site "?"]
[Date "1973.04.06"]
[Round "3"]
[White "Kanellis, G."]
[Black "Bailey, B."]
[Result "0-1"]
[WhiteElo "1600"]
[BlackElo "1994"]
[Annotator "Stockfish 14 (15s)"]
[PlyCount "54"]
[EventDate "1973.??.??"]

{C91: Closed Ruy Lopez: 7...d6 8 c3 0-0 9 d4} 1. e4 e5 2. Nf3 Nc6 3. Bb5 a6 4.
Ba4 Nf6 5. O-O Be7 6. Re1 b5 7. Bb3 d6 8. c3 O-O 9. d4 Bg4 10. Qd3 Bxf3 11.
gxf3 Nh5 12. Bd5 Bg5 13. Qf1 $4 $146 (13. Bxc6 Bxc1 14. Qc2 Nf4 15. Kh1 Qh4 16.
Rg1 Qh3 17. Nd2 Bxd2 18. Rg3 Qh6 19. Qxd2 Rab8 20. Rag1 g6 21. Bd5 Qg7 22. Rg4
Nxd5 23. exd5 Rfe8 24. dxe5 Rxe5 25. f4 Re7 26. f5 Qf6 27. Qd3 Rbe8 {
Kamstra,J-De Bode,C Leiden 2000 1/2-1/2 (75)}) (13. Be3 $142 exd4 14. Bxc6 dxe3
15. fxe3 $15) 13... Bxc1 $19 14. Rxc1 Qd7 15. Bxc6 (15. Nd2 Nf4 16. Kh1 Rac8
17. Bxc6 Qxc6 $19) 15... Qxc6 16. Nd2 Nf4 17. dxe5 (17. Kh1 d5 18. a4 $19)
17... dxe5 18. c4 (18. Kh1 Rfd8 19. Rd1 Rd3 $19) 18... Rfd8 19. Rc2 (19. Nb3
Qg6+ 20. Kh1 Qh5 $19) 19... Rd3 20. Rac1 (20. Rd1 Rad8 21. Kh1 b4 $19) 20...
Rad8 21. Kh1 b4 22. Nb3 (22. Rd1 Qf6 $19) 22... Qd6 (22... Qg6 $142 23. Re2
R8d6 $19) 23. h3 (23. Re2 Nxe2 24. Qxe2 $19) 23... Rxf3 (23... Qh6 24. Rd2 Rxd2
25. Nxd2 Nxh3 26. Qg2 Rxd2 27. a3 Nxf2+ 28. Kg1 Nh3+ 29. Kf1 Rxg2 30. Kxg2 Nf4+
31. Kf1 Qh1+ 32. Kf2 Qg2+ 33. Ke1 Qe2#) 24. Rd2 $19 Qe7 25. Rxd8+ Qxd8 26. Qd1
Rxh3+ 27. Kg1 Qg5+ (27... Qg5+ 28. Qg4 Qxg4+ 29. Kf1 Rh1#) 0-1

[Event "Boeing Swiss"]
[Site "?"]
[Date "1973.04.22"]
[Round "4"]
[White "Bailey, B."]
[Black "LeCompte, G."]
[Result "1/2-1/2"]
[WhiteElo "1994"]
[BlackElo "2016"]
[Annotator "Stockfish 14 (15s)"]
[PlyCount "87"]
[EventDate "1973.??.??"]

{C42: Petroff Defence: 3 Nxe5 and unusual White 3rd moves} 1. e4 e5 2. Nf3 Nf6
3. Nxe5 d6 4. Nf3 Nxe4 5. d4 d5 6. Bd3 Be7 7. Nbd2 Nf6 8. Ne5 (8. h3 O-O 9. O-O
c5 10. dxc5 Bxc5 11. Nb3 Be7 12. Bf4 Nc6 13. c3 Be6 14. Re1 Qd7 15. Nfd4 Nxd4
16. Nxd4 Bd6 17. Qf3 a6 18. Re2 Qc7 19. Bg5 Nd7 20. Qh5 g6 21. Qh6 Be5 22. Rae1
Bg7 {Buchner,R (2260)-Bischof,W (2015) Bayern 2002 1-0 (43)}) 8... O-O 9. O-O
c5 10. dxc5 $146 (10. Ndf3 c4 11. Be2 Ne4 12. Nd2 f5 13. c3 b5 14. a3 a5 15.
Nxe4 fxe4 16. f3 exf3 17. Bxf3 Bf6 18. Bf4 Be6 19. Bg4 Ra6 20. Bxe6+ Rxe6 21.
Qg4 Qe8 22. Rae1 Na6 23. Nf3 Re4 24. Rxe4 dxe4 {
Garcia,M-Elamri,A (2096) Gibraltar 2006 1/2-1/2 (58)}) (10. c3 Nc6 11. Ndf3 Ne4
12. dxc5 (12. Nxc6 bxc6 13. Ne5 Bb7 14. Qc2 Bd6 15. f3 Nf6 16. Bg5 h6 17. Bxf6
Qxf6 18. Nd7 Qf4 19. g3 Qe3+ 20. Kg2 Rfe8 21. Rae1 Qg5 22. Nxc5 Bxc5 23. dxc5
Re3 24. f4 Qe7 25. Qf2 Re8 26. Rxe3 Qxe3 {Albu,M-Bikady,C Huy 1993 1/2-1/2 (97)
}) 12... Bxc5 13. Qe2 Re8 14. Bxe4 Nxe5 15. Bxh7+ Kxh7 16. Nxe5 Qf6 17. Qh5+
Kg8 18. Nd3 Bb6 19. Be3 d4 20. Bxd4 Bxd4 21. cxd4 Qxd4 22. Rfe1 Rxe1+ 23. Rxe1
Be6 24. Re3 Rd8 {Michalicek,R-Stoyanov,P (2263) Recklinghausen 2005 0-1 (44)})
10... Bxc5 11. Ndf3 Nc6 12. c3 (12. Bf4 Re8 13. Nxc6 bxc6 $11) 12... Re8 13.
Nxc6 bxc6 14. Qc2 h6 (14... Qd6 15. b4 Bb6 16. a4 $15) 15. Bf4 $11 Bd6 16. Bxd6
Qxd6 17. h3 Qf4 18. Qd2 Nh5 19. Bc2 (19. Qxf4 Nxf4 20. Rfd1 a5 $11) 19... Bb7 (
19... Qxd2 20. Nxd2 Kf8 21. Rfe1 $15) 20. Rfe1 $11 Qxd2 21. Nxd2 Kf8 22. Nb3
Rxe1+ 23. Rxe1 Re8 (23... Bc8 24. Nc5 Rb8 25. b4 $11) 24. Rxe8+ $14 Kxe8 25.
Nc5 (25. Na5 Ba8 $14) 25... Bc8 $11 26. Ba4 Ke7 27. Kf1 Nf4 28. b4 (28. Bxc6 $2
Kd6 29. Bb7 Bxh3 30. Ne4+ Ke5 (30... dxe4 $6 31. gxh3 Ke5 32. Bc8 $17) 31. gxh3
Kxe4 $19) 28... Kd6 29. f3 Ne6 30. Nxe6 Bxe6 31. a3 c5 32. Ke2 d4 (32... g5 33.
Ke3 $11) 33. cxd4 $11 Bc4+ (33... cxd4 $4 34. Kd3 $18) 34. Ke3 cxd4+ 35. Kxd4
Bf1 36. g4 Bxh3 37. Bc2 Bf1 38. a4 Be2 39. Be4 g6 40. b5 f5 41. gxf5 gxf5 42.
Bxf5 Bxf3 43. a5 Be2 44. b6 1/2-1/2

[Event "Boeing Swiss"]
[Site "?"]
[Date "1973.04.24"]
[Round "5"]
[White "Bailey, B."]
[Black "Connelly, F."]
[Result "1-0"]
[WhiteElo "1994"]
[BlackElo "1642"]
[Annotator "Stockfish 14 (15s)"]
[PlyCount "33"]
[EventDate "1973.??.??"]

{B09: Pirc Defence: Austrian Attack} 1. e4 d6 2. d4 g6 3. Nc3 Bg7 4. f4 Nf6 5.
Nf3 O-O 6. Bc4 c5 7. e5 dxe5 (7... Nfd7 8. e6 Nb6 9. exf7+ Kh8 10. Be2 cxd4 11.
Nxd4 Nc6 12. Be3 Rxf7 13. O-O d5 14. Nxc6 bxc6 15. Bd4 Qd6 16. Bxg7+ Kxg7 17.
Qd4+ Qf6 18. Qxf6+ exf6 19. Bf3 Nc4 20. Rf2 Nxb2 21. Rb1 Rb8 22. Nxd5 {
Arias Castanedo,J-Gual Pascual,A (2420) Foment 1998 0-1}) 8. fxe5 Nfd7 $4 $146
(8... Ng4 9. d5 Nxe5 10. Nxe5 Bxe5 11. Bh6 Bg7 12. Qd2 (12. Bxg7 Kxg7 13. O-O
Nd7 14. d6 e6 15. Ne4 f5 16. Nxc5 Nxc5 17. Qd4+ Qf6 18. Qxc5 Bd7 19. Bb3 Rfc8
20. Qb4 b6 21. c3 Rc5 22. Rad1 Rd8 23. Ba4 e5 24. Bxd7 Rxd7 25. Qa4 Qe6 26.
Rfe1 Ra5 {Lauritzson,P-Oe,O (2048) Copenhagen 2005 0-1 (44)}) 12... a6 13. a4
Nd7 14. h4 Ne5 15. Be2 Bf5 16. h5 Qd6 17. O-O-O Bxh6 18. Qxh6 Ng4 19. Bxg4 Bxg4
20. Ne4 Qe5 21. hxg6 Qg7 22. gxh7+ Kh8 23. Qxg7+ {
Kotzem,E (2010)-Metschan,H (1835) Germany 1997 1-0 (41)}) (8... Ng4 $142 9. h3
cxd4 10. hxg4 dxc3 11. Qxd8 Rxd8 $11) 9. e6 $16 fxe6 10. Bxe6+ Kh8 11. Be3 (11.
d5 $142 Na6 12. O-O $16) 11... h6 $4 (11... Ne5 $142 $1 12. Ng5 cxd4 13. Qxd4
Qxd4 14. Bxd4 Nd3+ 15. cxd3 Bxd4 16. Bxc8 Rxc8 $11) 12. Qd2 (12. d5 Nb6 13. Nh4
Qe8 $18) 12... Kh7 13. h4 Rxf3 $4 (13... cxd4 $142 14. Bxd4 Ne5 15. Bxe5 Qxd2+
16. Kxd2 Bxe5 17. Nxe5 Bxe6 $16) 14. gxf3 Qf8 (14... Ne5 15. O-O-O Nxf3 $18)
15. h5 Qf6 (15... g5 16. O-O-O Nf6 17. Bxc8 Qxc8 18. dxc5 Nc6 $18) 16. hxg6+
Qxg6 17. Ne4 (17. Ne4 Nb6 18. Bxc8 $18) 1-0

[Event "Boeing Swiss"]
[Site "?"]
[Date "1973.05.22"]
[Round "6"]
[White "Moulijn, J."]
[Black "Bailey, B."]
[Result "1-0"]
[WhiteElo "1650"]
[BlackElo "1994"]
[Annotator "Stockfish 14 (15s)"]
[PlyCount "51"]
[EventDate "1973.??.??"]

{C77: Ruy Lopez: 3...a6 4 Ba4 Nf6, unusual lines} 1. e4 e5 2. Nf3 Nc6 3. Bb5 a6
4. Ba4 Nf6 5. Nc3 b5 6. Bb3 Bc5 7. d3 h6 8. Ne2 $146 (8. Nd5 d6 9. c3 (9. Nxf6+
Qxf6 10. Bd5 Bd7 11. Be3 O-O 12. Qd2 Rad8 13. Bxc6 Bxc6 14. Qa5 Bxe3 15. fxe3
d5 16. exd5 Bxd5 17. e4 Ba8 18. O-O Qd6 19. Qc3 f5 20. Nxe5 fxe4 21. Rxf8+ Rxf8
22. d4 Qd5 23. Qb3 Rd8 {
Hirneise,T (2210)-Zebisch,P (2039) Willingen 2006 1-0 (40)}) 9... O-O 10. h3
Rb8 11. O-O Nxd5 12. Bxd5 Ne7 13. Bb3 Ng6 14. d4 {
1/2-1/2 (14) Harikrishna,P (2674)-Fressinet,L (2640) Cap d'Agde 2006}) (8. Be3
Bxe3 9. fxe3 O-O 10. a4 b4 11. Nd5 d6 12. O-O Nxd5 13. Bxd5 Qe8 14. Nh4 Be6 15.
Nf5 Bxd5 16. Qg4 g6 17. exd5 h5 18. Qh4 f6 19. dxc6 gxf5 20. Rxf5 Qg6 21. Raf1
Rf7 22. Rxf6 Rxf6 {Salai,L (2370)-Geske,J (2173) Olomouc 2006 1-0}) 8... d5 9.
exd5 Nxd5 10. O-O Bg4 (10... O-O 11. Ng3 $11) 11. Ng3 (11. Nxe5 Nxe5 12. d4 Ne7
13. dxc5 Qxd1 14. Rxd1 Bxe2 $14) 11... Nd4 $11 12. Re1 f6 13. c3 Bxf3 14. gxf3
Nxb3 15. Qxb3 (15. axb3 $5 O-O 16. b4 $11) 15... O-O $15 16. Be3 Bxe3 17. fxe3
Kh8 18. Nf5 (18. c4 Ne7 19. cxb5 f5 $17) 18... Qd7 19. Kf2 $4 (19. d4 $5 $17)
19... Qxf5 (19... Rfd8 $142 20. Nh4 Qh3 $19) 20. Qxd5 Rad8 21. Qc5 $4 (21. Qe4
Qh3 22. Rg1 Qxh2+ 23. Rg2 $19) 21... Qxd3 (21... Qh3 22. Rg1 e4 23. fxe4 $19)
22. Qe7 (22. e4 Qd2+ 23. Re2 Qf4 $19) 22... Rg8 (22... Rfe8 23. Qxc7 Qf5 24.
Re2 $19) 23. Qxc7 (23. Re2 Qf5 24. Rf1 Qh3 $19) 23... Qc2+ (23... Qf5 $5 24.
Re2 Qh3 25. Rae1 Qxh2+ 26. Kf1 Qh3+ 27. Kf2 $19) 24. Re2 Rd2 25. Rae1 Rgd8 (
25... Qxb2 $142 26. Qd6 Rxe2+ 27. Rxe2 Qb1 $19) 26. Qxd8+ $3 $18 (26. Qxd8+
Rxd8 27. Rxc2 $18) 1-0

[Event "Boeing Swiss"]
[Site "?"]
[Date "1973.05.29"]
[Round "7"]
[White "Bailey, B."]
[Black "Davenport, F."]
[Result "1-0"]
[WhiteElo "2058"]
[BlackElo "1824"]
[Annotator "Stockfish 14 (15s)"]
[PlyCount "53"]
[EventDate "1973.??.??"]

{C90: Closed Ruy Lopez with 7...d6: Early deviations} 1. e4 e5 2. Nf3 Nc6 3.
Bb5 a6 4. Ba4 b5 5. Bb3 Be7 6. O-O Nf6 7. Re1 d6 8. c3 Be6 9. Bxe6 fxe6 10. d4
exd4 11. cxd4 O-O 12. b3 $146 (12. Bg5 h6 13. Bxf6 Bxf6 14. Nc3 Rc8 15. d5 Ne5
16. Nd4 Qd7 17. dxe6 Qe8 18. Nd5 Nc4 19. Nxf6+ Rxf6 20. Qb3 c5 21. Nf5 Rxe6 22.
Qc3 Rc7 23. b3 Ne5 24. Rad1 Qf8 25. Qh3 c4 26. Nxg7 Nf3+ {
Haney,M (1448)-Hollinsworth,G (1534) Auburn Hills 2002 1-0 (48)}) (12. Nc3 Qd7
$16) 12... Nd7 (12... Qe8 13. Ng5 Nd8 14. a4 $11) 13. Bb2 e5 14. Nbd2 (14. d5
Ncb8 $16) 14... Bf6 (14... exd4 $142 $5 15. Nf1 Nce5 16. Nxd4 Nc5 $14) 15. d5
$16 Ne7 16. Nf1 Ng6 17. Rc1 b4 (17... a5 $142 $5 $16) 18. Rc4 $18 a5 19. Bc1
Nh4 20. Be3 (20. Nxh4 $142 Bxh4 21. Ng3 $18) 20... Nxf3+ $14 21. Qxf3 Rc8 $4 (
21... Bg5 $142 22. Qe2 Bxe3 23. Nxe3 Nc5 $14) 22. Qh3 (22. Qg4 Kh8 $18) 22...
Nb8 (22... Be7 23. Ng3 $18) 23. Rec1 Rf7 24. Bb6 $1 Bh4 (24... cxb6 25. Rxc8 {
Deflection Pinning}) 25. Ng3 Bxg3 26. hxg3 Qf8 (26... Na6 27. Bxa5 Rb8 $18) 27.
Bxc7 (27. Bxc7 Na6 28. Bxa5 $18) 1-0

[Event "Obskuros Open"]
[Site "?"]
[Date "1973.04.21"]
[Round "1"]
[White "Bailey, B."]
[Black "Pollock, D."]
[Result "1/2-1/2"]
[WhiteElo "1994"]
[BlackElo "1337"]
[Annotator "Stockfish 14 (15s)"]
[PlyCount "107"]
[EventDate "1973.??.??"]

{C14: French: Classical System: 4 Bg5 Be7 main line} 1. e4 e6 2. d4 d5 3. Nc3
Nf6 4. Bg5 Be7 5. Bd3 Nc6 (5... c5 6. Nge2 c4 7. Bf4 a6 8. e5 cxd3 9. Qxd3 Nfd7
10. Qg3 g6 11. O-O-O h6 12. h4 b5 13. h5 g5 14. Bd2 b4 15. Nb1 a5 16. f4 a4 17.
fxg5 Bxg5 18. Nf4 b3 19. axb3 axb3 20. Qxb3 {
Radnai,A-Lengyel,B (2385) Paks 1998 0-1 (38)}) 6. e5 (6. Nf3 O-O 7. O-O h6 8.
Be3 Nb4 9. e5 Nd7 10. Be2 Nb6 11. a3 Nc6 12. Bd3 Bd7 13. Qd2 a6 14. Bxh6 gxh6
15. Qxh6 {1-0 (15) Feo Gonzalez,A-Tejedor Fuente,E Mondariz 2003}) 6... Ne4
$146 (6... Nd7 7. Be3 Nb4 8. Be2 c5 9. a3 cxd4 10. Bxd4 Nc6 11. Nf3 a6 12. O-O
Qc7 13. Re1 O-O 14. Bf1 b5 15. Na2 Nxd4 16. Qxd4 Bb7 17. c3 Rac8 18. Rac1 Nc5
19. Qg4 Ne4 20. Nb4 Nc5 21. Nd3 {
Wilfert,E (1570)-Bernhart,E (1598) Schloss Schney 2000 0-1 (76)}) (6... Nd7 7.
Bxe7 Qxe7 8. Nf3 $14) 7. Bxe7 Qxe7 8. Nxe4 dxe4 9. Bxe4 Qb4+ $2 (9... Nxe5 $142
10. Qe2 Nd7 $16) 10. c3 $18 Qxb2 11. Ne2 Bd7 (11... Ne7 12. O-O Qa3 13. Rb1 $18
) 12. O-O (12. Rb1 $142 Qxa2 13. Ra1 Qb2 $18) 12... Qb5 $2 (12... Qa3 13. Rb1
O-O-O 14. Rb3 $18) 13. a4 (13. Rb1 $142 $5 Qa5 14. Rxb7 Rc8 $18) 13... Qa5 14.
Bc2 (14. Qd3 $142 $5 Ne7 15. Bxb7 Rb8 $18) 14... b6 (14... Ne7 15. c4 $16) 15.
Qd3 (15. Be4 $142 Rd8 16. Ng3 Qxc3 17. Rc1 Qxd4 18. Bxc6 Bxc6 19. Qxd4 Rxd4 20.
Rxc6 $18) 15... Bc8 $4 (15... Ne7 $142 $18) 16. Rfb1 (16. Qf3 Bb7 17. Be4 Nxe5
18. dxe5 Bxe4 19. Qxe4 O-O $18) 16... Qd5 (16... Ne7 17. Rb5 Qa6 $18) 17. Nf4
Qd8 (17... Qd7 18. Nh5 Bb7 19. Nxg7+ Ke7 20. Nh5 $18) 18. Nh5 (18. Qf3 $5 Bb7
19. Be4 Qd7 $18) 18... Qg5 (18... Bb7 19. Qf3 Na5 20. Nxg7+ Kd7 21. Qxf7+ Qe7
22. Qxe7+ Kxe7 23. f4 $18) 19. Qf3 Bb7 20. Be4 O-O 21. Rb5 (21. Nf4 $142 Rad8
22. Nh3 (22. Bxc6 $6 Bxc6 23. Qxc6 Qxf4 $16) 22... Nxd4 23. cxd4 Bxe4 24. Nxg5
Bxf3 25. Nxf3 $18) 21... Nxd4 $1 $17 22. Nf6+ (22. cxd4 Bxe4 {Combination})
22... gxf6 (22... Qxf6 $142 $1 23. cxd4 Bxe4 24. Qxe4 Qe7 $19) 23. cxd4 $17
Bxe4 24. Qxe4 f5 25. Qc6 Rac8 (25... Qd2 26. d5 a6 27. Rbb1 Qxd5 28. Qxc7 $17)
26. Rb3 Kh8 27. Rg3 Qd2 28. Qd7 Rcd8 (28... Rce8 29. h3 $15) 29. Qe7 $11 Qh6
30. Rh3 (30. Qxc7 $4 Rc8 31. Rc3 Rxc7 32. Rxc7 Qd2 $19) 30... Qg6 31. f4 Rfe8 (
31... Qg7 $142 $11) 32. Qb4 $4 (32. Qh4 f6 33. Rc1 $11 (33. Qxf6+ $143 Qxf6 34.
exf6 Rxd4 $15)) 32... Rg8 $4 (32... Qg4 $142 33. Qd2 Rd5 $19) 33. Qb2 $4 (33.
Rg3 $142 Qh5 34. Qe7 $11) 33... Qg4 $19 34. Rd3 Qxf4 35. Rf1 (35. d5 exd5 36.
Rf1 $19) 35... Qe4 36. Rfd1 f4 (36... Rd5 $142 $5 37. Qd2 c5 38. g3 $19) 37.
Qf2 c5 $1 38. Rf3 (38. dxc5 Rd5 {Decoy Double attack} (38... Rxd3 {
Deflection Pinning})) 38... cxd4 (38... Rg5 $5 39. Re1 Qxd4 40. Rxf4 Qxf2+ 41.
Rxf2 $19) 39. Re1 Qg6 40. Rxf4 Rg7 (40... Rd7 $5 41. Rd1 d3 42. Rc4 $19) 41. g3
(41. Ree4 d3 42. Rd4 $19) 41... d3 42. Rd1 (42. Rd4 Rgg8 43. Rd1 Rxd4 44. Qxd4
Rc8 $19) 42... Qh5 43. Qf1 (43. Rf3 Rg5 44. Rfxd3 Qxd1+ 45. Rxd1 Rxd1+ 46. Kg2
$19) 43... Qxe5 44. Rxf7 (44. a5 Qc5+ 45. Kh1 Qd5+ 46. Rf3 d2 47. axb6 axb6 $19
) 44... Rxf7 45. Qxf7 d2 46. Qf3 Qe1+ 47. Kg2 Qe5 48. Qf2 Qe4+ (48... Qd5+ $142
49. Kg1 Kg7 $19) 49. Kg1 $17 Qd4 (49... Kg7 50. Rxd2 Rxd2 51. Qxd2 Qxa4 52.
Qg5+ Kf7 53. Qh5+ Kg8 54. Qg5+ Kf7 55. Qh5+ Kf6 56. Qxh7 Qd1+ 57. Kg2 Qd2+ 58.
Kh3 $17) 50. Rxd2 Qxd2 (50... Qxf2+ $142 $5 51. Rxf2 Kg7 $15) 51. Qf6+ $11 Kg8
52. Qxe6+ Kg7 53. Qe7+ Kg6 54. Qe6+ 1/2-1/2

[Event "Obskuros Open"]
[Site "?"]
[Date "1973.04.21"]
[Round "2"]
[White "Pappas, C."]
[Black "Bailey, B."]
[Result "1-0"]
[WhiteElo "100"]
[BlackElo "1994"]
[Annotator "Stockfish 14 (15s)"]
[PlyCount "34"]
[EventDate "1973.??.??"]

{D53: Queen's Gambit Declined: 4 Bg5 Be7: Early deviations} 1. d4 d5 2. c4 e6
3. Nc3 Nf6 4. Bg5 Be7 5. Nf3 c6 6. e3 Nbd7 7. Bd3 dxc4 8. Bxc4 b5 9. Bd3 Bb7
10. e4 (10. O-O h6 11. Bxf6 gxf6 12. Rc1 Qb6 13. Qc2 Rc8 14. Qe2 b4 15. Na4 Qa5
16. b3 Rg8 17. Rc2 Bd6 18. Rfc1 Ke7 19. Nc5 Ba8 20. Kh1 Nxc5 21. dxc5 Bc7 22.
Nd4 Be5 23. Nf3 Bc3 24. a3 Qxa3 {
Langhoff,W (1689)-Blab,L (2102) Wesel Undeloh 2006 0-1 (38)}) 10... a6 11. Qc2
$4 $146 (11. e5 Nd5 12. Ne4 O-O 13. Nd6 Qa5+ 14. Bd2 Qb6 15. Nxb7 Qxb7 16. Rc1
Rac8 17. h4 f6 18. Ng5 f5 19. Qh5 N7f6 20. exf6 Nxf6 21. Qe2 Qd7 22. Qxe6+
Qxe6+ 23. Nxe6 {
1-0 (23) Cubedo Cano,P (2142)-Cortes Marti,J (2079) Mislata 2003}) (11. O-O c5
12. e5 (12. Bxf6 Nxf6 13. dxc5 Bxc5 14. Qe2 O-O 15. Rad1 Qe7 16. e5 Ng4 17. Ne4
Bb6 18. h3 Nh6 19. Nd6 Nf5 20. Bxf5 exf5 21. Nxb7 Qxb7 22. Qd3 g6 23. Qb3 Qe7
24. Rd5 Rad8 25. Rfd1 {1/2-1/2 (25) Polushkina,S (2070)-Fiser,H Oberhof 1999})
12... Nd5 13. Ne4 f6 14. exf6 gxf6 15. Bh6 c4 16. Bb1 Qc7 17. Re1 O-O-O 18. Nc3
Bb4 19. Bd2 Bxc3 20. bxc3 Rde8 21. a4 Nf4 22. Be4 Rhg8 23. Bxf4 Qxf4 24. Bxb7+
Kxb7 25. axb5 axb5 {Sorin,A (2502)-Evans,P (2126) Rosario 2000 1-0}) (11. e5
$142 Nd5 12. Nxd5 Bxg5 13. Nxg5 Qxg5 14. Nc7+ Ke7 15. Nxa8 Qxg2 16. Rf1 Rxa8
17. Qd2 $14 (17. Bxh7 $4 g6 $19)) 11... c5 $17 12. e5 (12. Be3 $142 $17) 12...
Nd5 $4 (12... cxd4 $142 13. exf6 gxf6 14. Nxd4 fxg5 $19) 13. Bxe7 $15 Qxe7 (
13... Nxe7 $143 14. Be4 Nc6 15. Rd1 $11) 14. a3 $2 (14. Nxd5 $142 Bxd5 15. Be4
Bxe4 16. Qxe4 $15) 14... cxd4 $19 15. Nxd4 $2 (15. Ne2 Rc8 16. Qd2 Nc5 17.
Nfxd4 Qc7 $19) 15... Nxe5 (15... Nxc3 $142 16. bxc3 Qg5 17. h4 Qxg2 18. O-O-O
$19) 16. Nxd5 Bxd5 (16... exd5 $6 17. O-O Rc8 18. Qe2 Nxd3 19. Qxd3 $11) (16...
Nxd3+ $6 17. Qxd3 Bxd5 18. O-O $19) 17. Be4 (17. O-O Qb7 18. Rfe1 $19) 17...
Rc8 1-0